NFU fund for tenant farmers and rent reviews (Record no. 69273)

MARC details
000 -LEADER
fixed length control field 00883cam a2200205 4500
001 - CONTROL NUMBER
control field WB3802-33
008 - FIXED-LENGTH DATA ELEMENTS--GENERAL INFORMATION
fixed length control field 020115n2002 000 0 eng u
035 ## - SYSTEM CONTROL NUMBER
System control number (Sirsi) u116289
245 ## - TITLE STATEMENT
Title NFU fund for tenant farmers and rent reviews
260 ## - PUBLICATION, DISTRIBUTION, ETC.
Date of publication, distribution, etc. 2002
490 ## - SERIES STATEMENT
Series statement NFU Press Release
Volume/sequential designation 8 January 2002, (1)
520 ## - SUMMARY, ETC.
Summary, etc. The NFU has provided a fund of £20,000 to assist farmers considering rent reviews with the costs of professional advice. The "First Advice" facility will provide funding to farmers to pay for up to a full morning of consultancy from a qualified legal adviser, surveyor or land agent. Tenant farmers who want to use the scheme should contact their regional NFU office.
590 ## - LOCAL NOTE (RLIN)
Local note WB
650 ## - SUBJECT ADDED ENTRY--TOPICAL TERM
Topical term or geographic name entry element PROFESSIONAL ADVICE
650 ## - SUBJECT ADDED ENTRY--TOPICAL TERM
Topical term or geographic name entry element RENT REVIEWS
650 ## - SUBJECT ADDED ENTRY--TOPICAL TERM
Topical term or geographic name entry element TENANT FARMERS
650 ## - SUBJECT ADDED ENTRY--TOPICAL TERM
Topical term or geographic name entry element FINANCIAL ASSISTANCE
690 ## - LOCAL SUBJECT ADDED ENTRY--TOPICAL TERM (OCLC, RLIN)
Topical term or geographic name as entry element Rural
9 (RLIN) 6268
942 ## - ADDED ENTRY ELEMENTS (KOHA)
Suppress in OPAC 0
Holdings
Withdrawn status Lost status Source of classification or shelving scheme Damaged status Not for loan Home library Current library Shelving location Date acquired Total Checkouts Full call number Barcode Date last seen Copy number Price effective from Koha item type
    Dewey Decimal Classification     London London News article 15/01/2002   WB3802-33 116289-1001 06/08/2019 1 06/08/2019 News article